Statystyki dla Kraje Afryki według obszaru

Kliknij tutaj aby rozwiązać quiz!

Ogólne statystyki

  • Ten quiz został rozwiązany 297 razy
  • Średni wynik to 41 z 54

Statystyki odpowiedzi

ranga
obszaru
kraj% Poprawnych
1Algieria
97%
12Egipt
95%
2Dem Rep Konga
94%
9Republika
Południowej Afryki
94%
3Sudan
91%
6Niger
89%
4Libia
88%
18Maroko
88%
14Nigeria
88%
27Kongo
87%
5Czad
86%
10Etiopia
85%
22Madagaskar
84%
19Sudan Południowy
83%
35Tunezja
83%
7Angola
82%
8Mali
82%
20Somalia
82%
13Tanzania
81%
11Mauretania
80%
28Côte d'Ivoire
79%
31Gwinea
79%
43Lesotho
79%
17Zambia
79%
24Kenia
78%
26Zimbabwe
78%
34Senegal
77%
16Mozambik
76%
37Erytrea
75%
25Kamerun
75%
44Gwinea Równikowa
73%
23Botswana
72%
32Ghana
72%
42Gwinea Bissau
72%
21Republika
Środkowoafrykańska
72%
41Togo
71%
48Eswatini
70%
15Namibia
70%
54Seszele
70%
47Dżibuti
69%
33Uganda
69%
49Gambia
67%
39Liberia
67%
30Gabon
66%
46Rwanda
66%
52Mauritius
65%
38Benin
64%
51Komory
64%
53Wyspy Świętego
Tomasza i Książeca
64%
40Sierra Leone
62%
36Malawi
61%
45Burundi
60%
29Burkina Faso
59%
50Cabo Verde
54%

Rozkład punktacji

Percentyl według liczby udzielonych odpowiedzi

Procent ludzi z każdym wynikiem

Twoja historia wyników

Nie rozwiązałeś tego quizu